Normal view MARC view
  • Azhar, Mahnoor

Entry Personal Name

Number of records used in: 1

001 - CONTROL NUMBER

  • control field: 122990

003 - CONTROL NUMBER IDENTIFIER

  • control field: NUST

005 - DATE AND TIME OF LATEST TRANSACTION

  • control field: 20240528160435.0

008 - FIXED-LENGTH DATA ELEMENTS

  • fixed length control field: 240528|| aca||aabn | a|a d

040 ## - CATALOGING SOURCE

  • Original cataloging agency: NUST
  • Transcribing agency: NUST

100 ## - HEADING--PERSONAL NAME

  • Personal name: Azhar, Mahnoor

670 ## - SOURCE DATA FOUND

  • Source citation: Work cat.: (NUST): Azhar, Mahnoor, Cultural Adjustment of Expatriates’ Spouses and Organization Contribution in Pakistan/
© 2023 Central Library, National University of Sciences and Technology. All Rights Reserved.